书目信息

书名: 浪花 
作者: 琼瑶,
出版信息: 北京   作家出版社  2024.10
开本页数: 21cm  256页
丛书名: 琼瑶作品大合集
单 册:
中图分类: I2407
科图分类:
主题词: 言情小说--yan qing xiao shuo--中国--当代 , 长篇小说--chang pian xiao shuo--中国--当代
电子资源:
ISBN: 978-7-5212-2815-1
000 01312nam 2200289 450
001 012025001127
005 20241213091925.8
010    @a978-7-5212-2815-1@dCNY39.00
100    @a20241209d2024 em y0chiy50 ea
101 @achi
102    @aCN@b110000
105    @ay z 000ay
106    @ar
200 @a浪花@Alang hua@f琼瑶著
210    @a北京@c作家出版社@d2024.10
215    @a256页@d21cm
225 @a琼瑶作品大合集@Aqiong yao zuo pin da he ji
306    @a本书版权经由可人娱乐国际有限公司授权作家出版社出版简体中文版
314    @a琼瑶, 本名陈喆, 作家、编剧、作词人、影视制作人。原籍湖南衡阳, 1938年生于四川成都, 1949年随父母由大陆赴台生活。
330    @a本书讲述了女主人公秦雨秋与有妇之夫贺俊之的爱情故事。《浪花》的女主人公秦雨秋, 整天沉醉在自己的梦想和绘画中, 因此, 她的丈夫和她离了婚。离了婚的秦雨秋, 依然洒脱、自信、自傲, 在卖画的过程中, 她认识了已有家室的著名画廊“云涛”的老板贺俊之, 深蓝色的海浪在汹涌翻滚, 高卷着白色浪花, 浪花的尽头接着灰暗的天空, 而天空堆积着暗淡的云层。
410  0 @12001 @a琼瑶作品大合集
606 @a言情小说@Ayan qing xiao shuo@y中国@z当代
606 @a长篇小说@Achang pian xiao shuo@y中国@z当代
690    @aI2407@v5
701  0 @a琼瑶,@Aqiong yao@f1938-2024@4著
801  0 @aCN@bCDNYKJZYXY@c20241209
905    @aCDNYKJZYXY@b300734462-64@dI2407@e4611@f3
    
    浪花/琼瑶著.-北京:作家出版社,2024.10
    256页;21cm.-(琼瑶作品大合集)
    
    
    ISBN 978-7-5212-2815-1:CNY39.00
    本书讲述了女主人公秦雨秋与有妇之夫贺俊之的爱情故事。《浪花》的女主人公秦雨秋, 整天沉醉在自己的梦想和绘画中, 因此, 她的丈夫和她离了婚。离了婚的秦雨秋, 依然洒脱、自信、自傲, 在卖画的过程中, 她认识了已有家室的著名画廊“云涛”的老板贺俊之, 深蓝色的海浪在汹涌翻滚, 高卷着白色浪花, 浪花的尽头接着灰暗的天空, 而天空堆积着暗淡的云层。
相关链接 在五车中查询图书 在当当中查询图书 在豆瓣中查询图书


正题名:浪花     索取号:I2407/4611         预约/预借

序号 登录号 条形码 馆藏地/架位号 状态 备注
1 734462   300734462   柳城-3楼/柳城-3楼27架13列4层/ [索取号:I2407/4611] 在馆    
2 734463   300734463   流通书库/ [索取号:I2407/4611] 在馆    
3 734464   300734464   流通书库/ [索取号:I2407/4611] 在馆